Enneagram II : (Record no. 121849)
[ view plain ]
| 000 -LEADER | |
|---|---|
| fixed length control field | 00861cam a2200277 a 4500 |
| 001 - CONTROL NUMBER | |
| control field | 3962249 |
| 003 - CONTROL NUMBER IDENTIFIER | |
| control field | ARRUPE |
| 005 - DATE AND TIME OF LATEST TRANSACTION | |
| control field | 20150123133845.0 |
| 008 - FIXED-LENGTH DATA ELEMENTS--GENERAL INFORMATION | |
| fixed length control field | 941025s1995 nyu 001 0 eng |
| 010 ## - LIBRARY OF CONGRESS CONTROL NUMBER | |
| LC control number | 94041710 |
| 020 ## - INTERNATIONAL STANDARD BOOK NUMBER | |
| International Standard Book Number | 0824514513 |
| 040 ## - CATALOGING SOURCE | |
| Original cataloging agency | DLC |
| Transcribing agency | DLC |
| Modifying agency | DLC |
| 082 00 - DEWEY DECIMAL CLASSIFICATION NUMBER | |
| Classification number | 248.2 |
| Edition number | 20 |
| 300 ## - PHYSICAL DESCRIPTION | |
| Dimensions | 22 cm. |
| 100 1# - MAIN ENTRY--PERSONAL NAME | |
| Personal name | Bergin, Eilis |
| 9 (RLIN) | 14474 |
| 245 10 - TITLE STATEMENT | |
| Title | Enneagram II : |
| Remainder of title | a spirituality of brokenness / |
| Statement of responsibility, etc | Eilis Bergin and Eddie Fitzgerald |
| 246 3# - VARYING FORM OF TITLE | |
| Title proper/short title | Enneagram 2 |
| 246 3# - VARYING FORM OF TITLE | |
| Title proper/short title | Enneagram two |
| 260 ## - PUBLICATION, DISTRIBUTION, ETC. (IMPRINT) | |
| Place of publication, distribution, etc | Dublin : |
| Name of publisher, distributor, etc | SBD Media, |
| Date of publication, distribution, etc | 1992. |
| 300 ## - PHYSICAL DESCRIPTION | |
| Extent | 34p. ; |
| 500 ## - GENERAL NOTE | |
| General note | Includes index. |
| 650 #0 - SUBJECT ADDED ENTRY--TOPICAL TERM | |
| Topical term or geographic name as entry element | Enneagram. |
| 9 (RLIN) | 9416 |
| 700 ## - ADDED ENTRY--PERSONAL NAME | |
| Personal name | Fitzgerald, Eddie |
| 9 (RLIN) | 14602 |
| 906 ## - LOCAL DATA ELEMENT F, LDF (RLIN) | |
| a | 7 |
| b | cbc |
| c | orignew |
| d | 1 |
| e | ocip |
| f | 19 |
| g | y-gencatlg |
| 942 ## - ADDED ENTRY ELEMENTS (KOHA) | |
| Source of classification or shelving scheme | Library of Congress Classification |
| Koha item type | Monograph ( Printed materials) |
| Withdrawn status | Lost status | Source of classification or shelving scheme | Damaged status | Not for loan | Collection code | Home library | Current library | Shelving location | Date acquired | Total Checkouts | Full call number | Barcode | Date last seen | Date checked out | Price effective from | Koha item type |
|---|---|---|---|---|---|---|---|---|---|---|---|---|---|---|---|---|
| Library of Congress Classification | Main Collection | ARRUPE LIBRARY | ARRUPE LIBRARY | Main Collection | 21/01/2015 | 1 | BF698.35.E54 B496 | 46500003038 | 14/05/2018 | 11/05/2018 | 21/01/2015 | Monograph ( Printed materials) |